Central Library OPAC University of Rajshahi

Cost and management accountancy for students / (Record no. 62493)

MARC details
000 -LEADER
fixed length control field 01104cam a22003251 4500
001 - CONTROL NUMBER
control field 62493
003 - CONTROL NUMBER IDENTIFIER
rucl marc code BD-RjUL
005 - DATE AND TIME OF LATEST TRANSACTION
control field 20211209081107.0
008 - FIXED-LENGTH DATA ELEMENTS--GENERAL INFORMATION
fixed length control field 090330r1968 enkak b 000 0 eng
020 ## - INTERNATIONAL STANDARD BOOK NUMBER
International Standard Book Number 0434901059
035 ## - SYSTEM CONTROL NUMBER
System control number (BD-RjUL)
040 ## - CATALOGING SOURCE
Original cataloging agency DLC
Transcribing agency DLC
Modifying agency DLC
Language of cataloging eng
041 ## - LANGUAGE CODE
Language code of text/sound track or separate title eng
082 00 - DEWEY DECIMAL CLASSIFICATION NUMBER
Classification number 657.42
Edition number 23
Author mark and year COS 1968
100 1# - MAIN ENTRY--PERSONAL NAME
Personal name Batty, J.
Fuller form of name (Joseph),
Dates associated with a name 1929-
9 (RLIN) 229807
245 10 - TITLE STATEMENT
Title Cost and management accountancy for students /
Statement of responsibility, etc. edited by J. Batty.
260 ## - PUBLICATION, DISTRIBUTION, ETC. (IMPRINT)
Place of publication, distribution, etc. London :
Name of publisher, distributor, etc. Heinemann ,
Date of publication, distribution, etc. 1968.
300 ## - PHYSICAL DESCRIPTION
Pagination xiii, 338 p.
Illustrations illus., forms.
Size 23 cm.
350 ## - PRICE (NR) (BK AM CF MU VM SE) [OBSOLETE]
Price 55/-
490 0# - SERIES STATEMENT
Series statement Heinemann Accountancy and administration series
500 ## - GENERAL NOTE
General note Articles appeared originally in the official journal of The Institute of Cost and Works Accountants, The cost accountant.
504 ## - BIBLIOGRAPHY, ETC. NOTE
Bibliography, etc Bibliography: p. 332.
650 #0 - SUBJECT ADDED ENTRY--TOPICAL TERM
Topical term or geographic name as entry element Cost accounting.
9 (RLIN) 229808
710 2# - ADDED ENTRY--CORPORATE NAME
Corporate name or jurisdiction name as entry element Institute of Cost and Works Accountants (Great Britain)
9 (RLIN) 229809
906 ## - LOCAL DATA ELEMENT F, LDF (RLIN)
a 7
b cbc
c orignew
d u
e ncip
f 19
g y-gencatlg
942 ## - ADDED ENTRY ELEMENTS (KOHA)
Source of classification or shelving scheme Dewey Decimal Classification
Koha item type Books
Holdings
Lost status Source of classification or shelving scheme Damaged status Not for loan Collection code Permanent Location Current Location Shelving location Date acquired Source of acquisition Cost, normal purchase price Total Checkouts Full call number Date last seen Copy number Koha item type
  Dewey Decimal Classification   Not For Loan Non-fiction Central Library, University of Rajshahi Central Library, University of Rajshahi Reading Room 08/07/1971 zeitlinger 55.00   657.42 COS 1968 30/03/2019 C-1 Books
  Dewey Decimal Classification     Non-fiction Central Library, University of Rajshahi Central Library, University of Rajshahi   08/07/1971 zeitlinger 55.00   657.42 COS 1968 30/03/2019 C-2 Books
  Dewey Decimal Classification     Non-fiction Central Library, University of Rajshahi Central Library, University of Rajshahi   08/07/1971 zeitlinger 55.00   657.42 COS 1968 03/04/2019 C-3 Books